000 00264nam a2200097Ia 4500
001 695448
005 20250826161953.0
008 250824s9999 xx 000 0 und d
245 0 _aBİR YAZ GECESİ RÜYASI (ANTİK)
_cSHAKESPEARE
260 _bANTİK DÜNYA KLASİKLERİ
999 _c695448
_d695448